000 00512nam a2200217Ia 4500
003 OSt
005 20220924134905.0
006 a|||||r|||| 00| 0
007 ta
008 220923b |||||||| |||| 00| 0 ben d
024 _a287662
037 _cTextual
040 _aARTS
_cARTS
_bben
041 _2ben
_aben
082 _aLA:4:6, 157F7
100 _aRoy
_9120881
245 0 _aDravya - guntatwa
260 _c1927
942 _hLA:4:6, 157F7
_cTEXL
_2CC
999 _c438944
_d438944